History Quiz

Random History or State Quiz

'America the Beautiful' State Quarters Quiz Stats

 Plays Quiz Updated Mar 16, 2012

Also try: The Change Game
Challenge
Share
Tweet
Embed
Score 0/56 Timer 10:00
3 Plays Today
National Site State/Territory % Correct
Grand Canyon National ParkArizona
92.4%
Yellowstone National ParkWyoming
86.5%
Gettysburg National Military ParkPennsylvania
82.6%
Mount Rushmore National MemorialSouth Dakota
80%
Everglades National ParkFlorida
79%
Yosemite National ParkCalifornia
76.7%
Olympic National ParkWashington
73.8%
San Antonio Missions National Historical ParkTexas
70.7%
[Location] Volcanoes National ParkHawaii
70.4%
Ellis Island National MonumentNew Jersey
66.8%
Great Smoky Mountains National ParkTennessee
62.2%
Mt. Hood National ForestOregon
60.6%
Glacier National ParkMontana
59.4%
Denali National ParkAlaska
59.2%
Fort Sumter National MonumentSouth Carolina
54.5%
Shenandoah National ParkVirginia
53.6%
Hot Springs National ParkArkansas
51.9%
Saratoga National Historical ParkNew York
50.3%
Tuskegee Airmen National Historical SiteAlabama
48.9%
Acadia National ParkMaine
47.9%
Vicksburg National Military ParkMississippi
47.4%
Ozark National Scenic RiverwaysMissouri
44.9%
Arches National ParkUtah
44%
White Mountain National ForestNew Hampshire
38.5%
Blue Ridge ParkwayNorth Carolina
38%
Cumberland Gap National Historical ParkKentucky
36.9%
Harpers Ferry National Historical ParkWest Virginia
36.6%
Chaco Culture National Historical ParkNew Mexico
35.2%
National Site State/Territory % Correct
Fort McHenry National Monument and Historic ShrineMaryland
34.3%
Tallgrass Prairie National PreserveKansas
29.7%
Lowell National Historical ParkMassachusetts
27.4%
Chickasaw National Recreational AreaOklahoma
27.3%
Great Basin National ParkNevada
23.5%
Block Island National Wildlife RefugeRhode Island
22.8%
War in the Pacific National Historical ParkGuam
22.5%
Theodore Roosevelt National ParkNorth Dakota
21.7%
Great Sand Dunes National ParkColorado
21.7%
Pictured Rocks National LakeshoreMichigan
20.8%
Homestead National Monument of AmericaNebraska
19.8%
El Yunque National ForestPuerto Rico
18.4%
Apostle Islands National LakeshoreWisconsin
17.8%
Cumberland Island National SeashoreGeorgia
17.1%
Perry's Victory & International Peace MemorialOhio
17%
Voyageurs National ParkMinnesota
15.5%
Frank Church River of No Return WildernessIdaho
14.4%
Shawnee National ForestIllinois
12.9%
Effigy Mounds National MonumentIowa
12.3%
George Rogers Clark National Historical ParkIndiana
11.2%
Bombay Hook National Wildlife RefugeDelaware
9.9%
Kisatchie National ForestLouisiana
9.4%
Marsh-Billings-Rockefeller National Historical ParkVermont
8.6%
Weir Farm National Historical SiteConnecticut
8.1%
Frederick Douglass National Historic SiteDistrict of Columbia
7.8%
National Park of [Location]American Samoa
5.3%
Salt River Bay National Historical Park and Ecological PreserveU.S. Virgin Islands
3.4%
American Memorial ParkNorthern Mariana Islands
2.4%

You're not logged in!

Compare scores with friends on all Sporcle quizzes.
Join for Free
OR
Log In

You Might Also Like...

Show Comments

Extras

Top Quizzes Today


Score Distribution

Your Account Isn't Verified!

In order to create a playlist on Sporcle, you need to verify the email address you used during registration. Go to your Sporcle Settings to finish the process.

Report this User

Report this user for behavior that violates our Community Guidelines.

Details: